Marketing communications

Guardat en:
Dades bibliogràfiques
Autor principal: EGAN, John
Format: Llibre
Idioma:anglès
Publicat: Sage Publications, 2015
Etiquetes: Afegir etiqueta
Sense etiquetes, Sigues el primer a etiquetar aquest registre!

MARC

LEADER 00000nam a22000007a 4500
008 210419b ||||| |||| 00| 0 eng d
020 |a 978-1-4462-5903-0 
100 |a EGAN, John. 
245 |a Marketing communications  |c John Egan  |g ix, 420p 
250 |b 2nd ed. 
260 |b Sage Publications,   |c 2015  |h Los Angeles:   |i 693207  |i 693208   |l HF5415.123 .Egl  |m Communication in marketing  |m Marketing.  |m Advertising. 
500 |a “It includes references: and index”. 
942 |a lcc  |c BK  |e Adeniran F. A  |f 19/04/202 
952 |0 0  |1 0  |2 lcc  |4 0  |6 HF5415123 E G L  |7 0  |9 2162  |a HOL  |b MPL  |c GJ  |d 2021-04-19  |l 0  |o HF5415.123 .Egl  |p 2021-6016  |r 2021-04-19 00:00:00  |w 2021-04-19  |y BK 
952 |0 0  |1 0  |2 lcc  |4 0  |6 HF5415123 E G L  |7 0  |9 2163  |a HOL  |b HOL  |c GJ  |d 2021-04-19  |l 0  |o HF5415.123 .Egl  |p 2021-6017  |r 2021-04-19 00:00:00  |w 2021-04-19  |y BK 
999 |c 1124  |d 1124